| 000 -LEADER |
| fixed length control field |
00282nam a2200109Ia 4500 |
| 008 - FIXED-LENGTH DATA ELEMENTS--GENERAL INFORMATION |
| fixed length control field |
201210s9999 xx 000 0 und d |
| 100 ## - MAIN ENTRY--PERSONAL NAME |
| Personal name |
Kothari, G. M. |
| 245 #0 - TITLE STATEMENT |
| Title |
Labour Law and Practice |
| 260 ## - PUBLICATION, DISTRIBUTION, ETC. |
| Place of publication, distribution, etc. |
Calcutta |
| Name of publisher, distributor, etc. |
International Law Book Centre |
| Date of publication, distribution, etc. |
1979 |
| 490 ## - SERIES STATEMENT |
| Volume/sequential designation |
Vol-II |
| 942 ## - ADDED ENTRY ELEMENTS (KOHA) |
| Koha item type |
Books |